| 000 | 00336nam a2200133Ia 4500 | ||
|---|---|---|---|
| 008 | 150201s2007 xx 000 0 und d | ||
| 082 |
_a616.0757 _bR07F |
||
| 100 | _aFRANK,EUGENE D | ||
| 245 | _aRADIGRAPHIC POSSTIONING AND PROCEDURE-3 | ||
| 250 | _a5TH | ||
| 260 |
_bMOSBY ELSEVIER _aDELHI _c2007 |
||
| 650 | _aPATHOLOGY | ||
| 942 |
_2ddc _cBK |
||
| 999 |
_c792 _d792 |
||